[Event "GER-chT U12"]
[Site "Magdeburg"]
[Date "2023.12.28"]
[Round "4.1"]
[White "Dauerer, Leonhard"]
[Black "Xu, Wanghan"]
[Result "1/2-1/2"]
[WhiteElo "1074"]
[BlackElo "1275"]
[PlyCount "70"]
[EventDate "2023.12.26"]
[EventType "team-swiss"]
[EventRounds "7"]
[EventCountry "GER"]
[SourceTitle "CB03_2024"]
[SourceDate "2024.01.17"]
[SourceVersion "1"]
[SourceVersionDate "2024.01.17"]
[SourceQuality "1"]
[WhiteTeam "Kelheim"]
[BlackTeam "Dresden Striesen"]
[WhiteTeamCountry "GER"]
[BlackTeamCountry "GER"]

1. e4 e5 2. Nf3 Nc6 3. Bc4 Bc5 4. b4 Bxb4 5. c3 Ba5 6. Qb3 Qe7 7. 0-0 d6 8. d4 Bb6 9. Qc2 h6 10. Ba3 exd4 11. Qd2 Bg4 12. Nxd4 Nxd4 13. cxd4 0-0-0 14. f3 Be6 15. Rc1 Bxc4 16. Rxc4 Qd7 17. Nc3 Nf6 18. Rc1 d5 19. Nxd5 Nxd5 20. exd5 Qxd5 21. Kh1 Kb8 22. Qf4 Rc8 23. Bc5 Bxc5 24. Rxc5 Qd7 25. a4 Rhe8 26. h3 Re6 27. d5 Rf6 28. Qh2 Rd6 29. Qe5 f6 30. Qd4 c6 31. Qf4 Ka8 32. Qe4 Kb8 33. Qf4 Ka8 34. Qe4 Kb8 35. Qf4 Ka8 1/2-1/2

[Event "GER-chT U12"]
[Site "Muenchen"]
[Date "2022.12.27"]
[Round "2"]
[White "Xu, Wanghan"]
[Black "Haug, Niklas Alexander"]
[Result "1-0"]
[WhiteElo "1275"]
[BlackElo "1041"]
[PlyCount "49"]
[EventDate "2022.12.26"]
[EventType "team-swiss"]
[EventRounds "7"]
[EventCountry "GER"]
[SourceTitle "CBM 212 Extra"]
[Source "ChessBase"]
[SourceDate "2023.03.31"]
[SourceVersion "1"]
[SourceVersionDate "2023.03.31"]
[SourceQuality "1"]
[WhiteTeam "Dresden Striesen"]
[BlackTeam "Werder Bremen"]
[WhiteTeamCountry "GER"]
[BlackTeamCountry "GER"]

1. d4 d5 2. c4 c6 3. e3 Bf5 4. Nc3 Nf6 5. h3 e6 6. a3 c5 7. Nf3 Nc6 8. dxc5 dxc4 9. Nd4 Nxd4 10. exd4 b6 11. cxb6 axb6 12. Bxc4 Be7 13. 0-0 0-0 14. Bf4 Qc8 15. Bd3 Nh5 16. Be3 Bd6 17. Bxf5 exf5 18. Qxh5 g6 19. Qf3 Bb8 20. Bf4 Qc4 21. Qxa8 Bxf4 22. Qd5 Qc8 23. Qb5 Bc7 24. Nd5 Bb8 25. Ne7+ 1-0

[Event "GER-ch U12"]
[Site "Willingen"]
[Date "2022.06.08"]
[Round "6"]
[White "Xu, Wanghan"]
[Black "Li, Luxuan"]
[Result "0-1"]
[WhiteElo "1419"]
[BlackElo "1235"]
[PlyCount "68"]
[EventDate "2022.06.04"]
[EventType "swiss"]
[EventRounds "9"]
[EventCountry "GER"]
[SourceTitle "CBM 208 Extra"]
[Source "ChessBase"]
[SourceDate "2022.07.31"]
[SourceVersion "1"]
[SourceVersionDate "2022.07.31"]
[SourceQuality "1"]

1. e4 e5 2. Nf3 Nc6 3. Nc3 Nf6 4. Bb5 Nd4 5. 0-0 c6 6. Ba4 Be7 7. Nxe5 d6 8. Nf3 Bg4 9. d3 h6 10. Be3 Nxf3+ 11. gxf3 Bh3 12. Re1 Nd7 13. Bf4 Ne5 14. d4 Ng6 15. Bg3 h5 16. d5 b5 17. Bb3 b4 18. Ne2 c5 19. Ba4+ Kf8 20. Bc6 Rc8 21. a3 h4 22. Qd2 hxg3 23. fxg3 Ne5 24. axb4 Nxf3+ 25. Kf2 Nxd2 26. Nf4 Bg5 27. b5 Qf6 28. Rxa7 Bxf4 29. gxf4 Qxf4+ 30. Ke2 Bg4+ 31. Kd3 Rh3+ 32. Re3 Rxe3+ 33. Kxd2 Qf2+ 34. Kc1 Qe1# 0-1

[Event "GER-ch U10"]
[Site "Willingen"]
[Date "2021.08.26"]
[Round "6"]
[White "Junge, Mattheo Gabriel"]
[Black "Xu, Wanghan"]
[Result "1-0"]
[WhiteElo "1451"]
[BlackElo "1289"]
[PlyCount "101"]
[EventDate "2021.08.22"]
[EventType "swiss"]
[EventRounds "11"]
[EventCountry "GER"]
[SourceTitle "EXT 2022"]
[Source "ChessBase"]
[SourceDate "2021.10.06"]
[SourceVersion "1"]
[SourceVersionDate "2021.10.06"]
[SourceQuality "1"]

1. e4 e5 2. Nf3 Nc6 3. Bc4 Be7 4. c3 Nf6 5. d3 d6 6. Nbd2 0-0 7. Nf1 Bg4 8. h3 Bxf3 9. gxf3 d5 10. Bb3 Bc5 11. Bg5 h6 12. Bd2 Re8 13. Rg1 Kh8 14. Qc1 Kh7 15. Ng3 Ne7 16. exd5 Nfxd5 17. Ne4 Bb6 18. c4 Nf4 19. Bxf4 exf4 20. Ke2 Ng6 21. c5 Ne5 22. Rd1 Ba5 23. Qxf4 Qd7 24. d4 Qb5+ 25. Ke3 Nc4+ 26. Bxc4 Qxc4 27. a3 Qb3+ 28. Rd3 Qxb2 29. Rg1 Qa2 30. d5 Re7 31. Rxg7+ Kxg7 32. Qf6+ Kg8 33. Qxe7 Qa1 34. Nf6+ Kg7 35. Ne4 Qc1+ 36. Kd4 Qb2+ 37. Nc3 Bxc3+ 38. Rxc3 Qd2+ 39. Rd3 Qb2+ 40. Ke4 Qe2+ 41. Re3 Qc2+ 42. Kf4 Qg6 43. Qe5+ Kg8 44. Qf5 Qa6 45. Kg3 Kh8 46. Qxf7 Rg8+ 47. Kh2 Qf1 48. Qf6+ Rg7 49. Qxh6+ Kg8 50. Re8+ Kf7 51. Qe6# 1-0

[Event "GER-ch U10"]
[Site "Willingen"]
[Date "2021.08.26"]
[Round "7"]
[White "Xu, Wanghan"]
[Black "Burban, Victor"]
[Result "0-1"]
[WhiteElo "1289"]
[BlackElo "1215"]
[PlyCount "80"]
[EventDate "2021.08.22"]
[EventType "swiss"]
[EventRounds "11"]
[EventCountry "GER"]
[SourceTitle "EXT 2022"]
[Source "ChessBase"]
[SourceDate "2021.10.06"]
[SourceVersion "1"]
[SourceVersionDate "2021.10.06"]
[SourceQuality "1"]

1. e4 e6 2. d3 d5 3. Nd2 c5 4. Ngf3 Nc6 5. g3 g6 6. Bg2 Bg7 7. 0-0 Nge7 8. c3 0-0 9. Re1 b5 10. exd5 exd5 11. Qc2 a5 12. Nf1 b4 13. c4 dxc4 14. dxc4 a4 15. Rb1 Bf5 16. Re4 Nc8 17. Nh4 Bxe4 18. Qxe4 N8e7 19. Qe1 Rb8 20. Nf3 b3 21. a3 Qd3 22. Bg5 Rfe8 23. Qd2 Qxb1 24. Bxe7 Nxe7 25. Qd6 Qxb2 26. Qxc5 Qc2 27. Ne3 Qc1+ 28. Bf1 b2 29. Kg2 b1Q 30. h4 Nf5 31. Nh2 Nxe3+ 32. fxe3 Qbc2+ 33. Kh3 Qxe3 34. Qd5 Qe6+ 35. Qxe6 Rxe6 36. Nf3 Re3 37. Bg2 Rb2 38. Bh1 Qf5+ 39. g4 Qxf3+ 40. Bxf3 Rxf3# 0-1